000 00955nas a2200253 4500
001 BR9203986
003 BR-BrBNA
005 20231205092656.0
007 ta
008 230509b bl.|||p| |||| 00| 00por d
040 _aBR-BrBNA
_bpor
_cBiblioteca Nacional de Agricultura
041 _a(Pt)
072 _aL73
100 1 _aLarsson, M.H.M.A.
111 1 _a11. Congresso Brasileiro de Clinicos Veterinarios de Pequenos Animais
_cFortaleza, CE (Brazil)
_dSep 1988
245 1 _aPrevalencia de microfilarias de Dirofilaria immitis em caes do estado de Sao Paulo
246 1 _aPrevalence of Dirofilaria immitis microfilariae in dogs from the state of Sao Paulo, Brazil
650 _aCAO
650 _aDIROFILARIOSE
650 _aSAO PAULO
773 0 _tBrazilian Journal of Veterinary Research and Animal Science (Brazil)
_xISSN 0303-7525
_g(1990), v. 27(2) p. 183-186
_wBR9203986
909 _a202311
_bLúcia
_c55
_dLúcia Elande
942 _2AGRIS
_n0
_cANA
999 _c133329
_d133329